Festival di musica classico-leggera, vol. 05 (Record n. 103399)

Dettagli MARC
000 -LEADER
fixed length control field 01769njm a2200361Ia 4500
001 - CONTROL NUMBER
control field 40625
003 - CONTROL NUMBER IDENTIFIER
control field IT-RoPAU
005 - DATE AND TIME OF LATEST TRANSACTION
control field 20220918181205.0
008 - FIXED-LENGTH DATA ELEMENTS--GENERAL INFORMATION
fixed length control field 131025s9999 xx 000 0 und d
040 ## - CATALOGING SOURCE
Original cataloging agency IT-RoPAU
040 ## - CATALOGING SOURCE
Transcribing agency IT-RoPAU
999 ## - SYSTEM CONTROL NUMBERS (KOHA)
Koha Dewey Subclass [OBSOLETE] n.d.
100 ## - MAIN ENTRY--PERSONAL NAME
Personal name AA.VV.
9 (RLIN) 794
100 ## - MAIN ENTRY--PERSONAL NAME
Relator term Autore musica
9 (RLIN) 22095
100 ## - MAIN ENTRY--PERSONAL NAME
Miscellaneous information Codice autore musica SPICS: 12000
9 (RLIN) 796
245 ## - TITLE STATEMENT
Title Festival di musica classico-leggera, vol. 05
250 ## - EDITION STATEMENT
Edition statement 1a ed.
260 ## - PUBLICATION, DISTRIBUTION, ETC. (IMPRINT)
Place of publication, distribution, etc. ITALIA
260 ## - PUBLICATION, DISTRIBUTION, ETC. (IMPRINT)
Name of publisher, distributor, etc. SELEZIONE - RCA
300 ## - PHYSICAL DESCRIPTION
Extent DISCO
500 ## - GENERAL NOTE
General note Musica classica
505 ## - FORMATTED CONTENTS NOTE
Formatted contents note Poeta e contadino: ouverture - Invito alla danza, op 65 - Moto perpetuo, op 11 - Tritsch tratsch polka op 214 - Lohengrin: preludio all'atto III - Danza norvegese, op 35 n 2 - Ouverture 1812, op 49
511 ## - PARTICIPANT OR PERFORMER NOTE
Participant or performer note New Symphony Orchestra of London diretta da Gibson Alexander
650 ## - SUBJECT ADDED ENTRY--TOPICAL TERM
Topical term or geographic name as entry element CLASSICA [DISCHI]
Relator term Codice MATERIA SPICS: 9950
9 (RLIN) 1157
700 ## - ADDED ENTRY--PERSONAL NAME
Personal name Suppé Franz Von
Dates associated with a name Codice autore musica SPICS: 8215
Relator term Autore musica
Name of part/section of a work Poeta e contadino: ouverture
9 (RLIN) 22096
700 ## - ADDED ENTRY--PERSONAL NAME
Personal name Weber (Von) Carl M.
Dates associated with a name Codice autore musica SPICS: 10693
Relator term Autore musica
Name of part/section of a work Invito alla danza, op 65
9 (RLIN) 22097
700 ## - ADDED ENTRY--PERSONAL NAME
Personal name Paganini Nicolò
Dates associated with a name Codice autore musica SPICS: 8112
Relator term Autore musica
Name of part/section of a work Moto perpetuo, op 11
9 (RLIN) 22098
700 ## - ADDED ENTRY--PERSONAL NAME
Personal name Strauss Johann Jr.
Dates associated with a name Codice autore musica SPICS: 11164
Relator term Autore musica
Name of part/section of a work Tritsch tratsch polka op 214
9 (RLIN) 22099
700 ## - ADDED ENTRY--PERSONAL NAME
Personal name Wagner Richard
Dates associated with a name Codice autore musica SPICS: 563
Relator term Autore musica
Name of part/section of a work Lohengrin: preludio all'atto III
9 (RLIN) 22100
700 ## - ADDED ENTRY--PERSONAL NAME
Personal name Grieg Edward
Dates associated with a name Codice autore musica SPICS: 10671
Relator term Autore musica
Name of part/section of a work Danza norvegese, op 35 n 2
9 (RLIN) 22101
700 ## - ADDED ENTRY--PERSONAL NAME
Personal name Cajkovskij Petr Llijch
Dates associated with a name Codice autore musica SPICS: 10808
Relator term Autore musica
Name of part/section of a work Ouverture 1812, op 49
9 (RLIN) 22102
942 ## - ADDED ENTRY ELEMENTS (KOHA)
Koha item type DISCHI
Source of classification or shelving scheme Dewey Decimal Classification
Dati di copia
Withdrawn status Lost status Damaged status Not for loan Home library Current library Date acquired Total Checkouts Full call number Date last seen Price effective from Koha item type Public note
    Buone Condizioni Not For Loan SPICS-MEDIATECA SPICS-MEDIATECA 25/10/2013   40625 25/10/2013 25/10/2013 DISCHI Progr. Ins.: 14336 / N.Vol.: 1 / Copie: 1 - Copia rara: n.d. / date import: 01.01.2014 - By Epidotti, Trombetti, Vaglietti
CREDITS: SOCIETA' SAN PAOLO Via A.Severo, 58 - ROMA (RM) & PERIODICI SAN PAOLO SRL Via Giotto, 36 MILANO & CISF Via Giotto, 36 MILANO & EDIZIONI SAN PAOLO SRL,  Piazza Soncino, 5 CINISELLO BALSAMO (MI) -- ITALY